000 00569nam a2200217 a 4500
001 BRCA_6772
005 20190320205602.0
008 261011s1900----gw-#######---#000-0#ger-#
041 _ager
044 _agw
050 4 _aB3117
_b.U2 1900
100 1 _aSchopenhauer, Arthur
_d1788-1860
_916057
245 1 0 _aÜber Schriftstellerei und Stil
_cArthur Schopenhauer.
260 _aLeipzig
_bIm Insel
_c[1900]
300 _a79 p.
_c19 cm.
440 0 _aIm Insel: Bücherei
_v55
_916896
500 _aL93
650 1 4 _aLiteratura
_916400
902 _aGFM
942 _2lcc
_cB
999 _c6455
_d6455